Statistiques concernant Pays avec le plus de terres cultivées

Cliquez ici pour prendre le quiz!

Statistiques générales

  • Ce quiz a été pris 136 fois
  • Le résultat moyen est 14 sur 20

Statistiques - réponses

km2%Réponse% Correct
1,238,01312.9Chine
98%
1,681,82617.1États-Unis
98%
800,4859.4Brésil
96%
226,61735.2France
96%
1,265,2677.4Russie
95%
397,59814.3Argentine
92%
1,891,76157.0Inde
92%
519,2055.2Canada
90%
259,30113.2Mexique
87%
487,6956.3Australie
82%
347,67357.6Ukraine
78%
478,05525.1Indonésie
75%
227,68628.7Pakistan
65%
240,55330.7Turquie
60%
203,18839.6Thaïlande
56%
197,79412.0Iran
52%
242,5168.9Kazakhstan
48%
180,00116.3Éthiopie
31%
412,93844.7Nigéria
30%
296,28915.9Soudan
24%

Distribution des résultats

Percentile par nombre de réponses

% des personnes avec chaque résultat

Votre développement - résultats

Vous n’avez pas pris ce quiz